000 00323 a2200157 4500
001 170900
020 _a
040 _cMagnum
100 _aAnastasia, Carla
240 1 0 _aInconfidencia mineira
_lpor
245 1 0 _aInconfidencia mineira
362 0 _a1899
440 1 _aÁtica
697 _aPARADIDATICO
942 _cBK
999 _c170900
_d170900